000 00273nam a22001337a 4500
008 170201b xxu||||| |||| 00| 0 eng d
020 _a1579477917
041 _aeng
080 _a61
100 _a3
101 _aSHM
245 _aCTP2008
_cBEEBE MICHAEL
942 _2udc
_cBK
999 _c4173
_d4173